000 00430nam a2200181Ia 4500
001 2994
005 20260306144848.0
008 260306t2009||||xx |||||||||||||| ||spa||
041 _aESP
082 _a240
_bC69
100 _aClemente de Alejandría
_eAUT
245 0 _aEl Pedagogo:
_bfuentes patrísticas
260 _c2009
300 _a744 páginas :
_c23 cm.
650 _aGEN
654 _aCHU
942 _cLIB
_dJUS
_fJUS
_2ddc
_n
999 _c2994
_d2994